| 000 | 00375nam a2200145Ia 4500 | ||
|---|---|---|---|
| 008 | 150201s2005 xx 000 0 und d | ||
| 082 |
_a617.41 _bC05S |
||
| 100 | _aSMITH , MANDY | ||
| 245 | _aCASH,S TB. OF CARDIOVASCULAR / RESPIRATORY PHYSIOTHERAPY | ||
| 250 | _a1ST | ||
| 260 |
_bELSEVIER _aINDIA _c2005 |
||
| 300 | _a1-338 | ||
| 650 | _aPHYSIOTHERAPY | ||
| 942 |
_2ddc _cBK _04 |
||
| 999 |
_c1481 _d1481 |
||